Normal view
MARC view
- Szücs, Joseph
Entry Personal Name
001 - CONTROL NUMBER
- control field: 153715
003 - CONTROL NUMBER IDENTIFIER
- control field: TR-AnTOB
005 - DATE AND TIME OF LATEST TRANSACTION
- control field: 20260416115739.0
008 - FIXED-LENGTH DATA ELEMENTS
- fixed length control field: 130712n| azannaabn |n aaa
010 ## - LIBRARY OF CONGRESS CONTROL NUMBER
- LC control number: n 2013042501
035 ## - SYSTEM CONTROL NUMBER
- System control number: (OCoLC)oca09518899
040 ## - CATALOGING SOURCE
- Original cataloging agency: DLC
- Language of cataloging: eng
- Description conventions: rda
- Transcribing agency: DLC
- Modifying agency: IEN
100 1# - HEADING--PERSONAL NAME
- Personal name: Szücs, Joseph
670 ## - SOURCE DATA FOUND
- Source citation: Random perturbations of dynamical systems, [2012]:
- Information found: t.p. (Joseph Szücs, translator)



